Từ đồng nghĩa tiếng Việt

Lược sử nghiên cứu từ đồng nghĩa và biên soạn từ đồng nghĩa. Trình bày quan niệm thủ pháp nhận diện từ đồng nghĩa và đặc trưng dân tộc của tư duy ngôn ngữ qua hiện tượng từ đồng nghĩa. Phân tích, nghiên cứu cấu trúc từ đồng nghĩa. Tìm hiểu vấn đề dạy từ đồng nghĩa trong nhà trường hiện nay...

Descripción completa

Guardado en:
Detalles Bibliográficos
Autor principal: Nguyễn Đức Tồn
Formato: Libro
Lenguaje:Vietnamese
Publicado: H. Khoa học xã hội 2006
Materias:
Etiquetas: Agregar Etiqueta
Sin Etiquetas, Sea el primero en etiquetar este registro!
Thư viện lưu trữ: Mạng thư viện Đại học Đà Nẵng
LEADER 01547aam a22003618a 4500
001 000010104
003 6304
005 20120529150507.0
008 111111s2006 viesd
020 |c 40000đ  |d 1000b 
041 |a vie 
082 1 4 |2 14  |a 495.9223  |b NG-T 
084 |a V172.1-3  |b T550Đ 
100 1 |a Nguyễn Đức Tồn 
245 |a Từ đồng nghĩa tiếng Việt  |c Nguyễn Đức Tồn 
260 |a H.  |b Khoa học xã hội  |c 2006 
300 |a 338tr.  |b bảng  |c 21cm 
504 |a Thư mục: tr. 316-338 
520 |a Lược sử nghiên cứu từ đồng nghĩa và biên soạn từ đồng nghĩa. Trình bày quan niệm thủ pháp nhận diện từ đồng nghĩa và đặc trưng dân tộc của tư duy ngôn ngữ qua hiện tượng từ đồng nghĩa. Phân tích, nghiên cứu cấu trúc từ đồng nghĩa. Tìm hiểu vấn đề dạy từ đồng nghĩa trong nhà trường hiện nay 
650 7 |2 Bộ TK TVQG  |a Tiếng Việt 
650 7 |2 Bộ TK TVQG  |a Từ đồng nghĩa 
653 |a Từ điển 
653 |a Tiếng Việt 
OWN |a LSP 
AVA |a UDN50  |b LSP  |d 495.9223 NG-T  |e check_holdings  |t Error 5003 Not defined in file expand_doc_bib_avail.  |h N  |k 1 
999 |a From the UDN01 
AVA |a UDN50  |b LSP  |d 495.9223 NG-T  |e available  |t Error 5001 Not defined in file expand_doc_bib_avail.  |f 25  |g 6  |h N  |i 6  |k 1 
TYP |a Monograph 
TYP |a Printed language 
980 |a Mạng thư viện Đại học Đà Nẵng